Top 30 : Kalash - Statistiques

Statistiques générales
  • Ce quiz a été pris 40 fois
  • Le résultat moyen est 13 sur 30
Statistiques - réponses
Top Titres Featuring % Correct
1 Mwaka Moon Damso
100%
4 Mwaka Moon - Remix Sfera Ebbasta
100%
6 Mwaka Moon - Remix Luciano
100%
5 Laptop Maureen
84%
7 Rouge et bleu Booba
68%
2 Tu le sais Gazo
65%
3 Alpha Damso
61%
16 Independant Gyal Pompis
61%
10 Koussi koussa Niska
52%
24 Moments gâchés Satori
52%
18 Bando
48%
20 Shake It To The Max (FLY) - Kalash & Maureen Remix MOLIY, Silent Addy, Maureen
45%
12 Tombolo
45%
17 Mada
42%
26 Plézi
42%
13 Taken
42%
11 JTC - Bonus Damso
32%
25 Praliné - Bonus Damso
29%
14 SO COMAN
29%
9 Tennessee Ninho
26%
19 Friendzone Still Fresh
23%
8 Malpolis Damso
23%
27 Médicaments Kima
23%
28 Qwer Gazo
19%
15 Doliprane
16%
21 Bonda Manmanw - Bonus
13%
22 I Love You Damso
13%
23 Mon cœur à ta taille Dadju
13%
30 Danjé
10%
29 Mode avion
10%
Aucun quiz correspondant
Distribution des résultats
% des personnes avec chaque résultat
Percentile par nombre de réponses
Votre historique - résultats
Vous n’avez pas pris ce quiz